00273nam a2200121Ia 4500008004100000100001300041245002600054260002700080300000800107650001200115942000700127999001700134190216s9999||||xx |||||||||||||| ||und|| aDass V N 0aHeat Light And Sounds bDominant Pub:New Delhi a467 aPhysics cBK c33934d33934